000 01268cam a22003373a 4500
001 3546
003 PGUSA
005 20140828083034.0
008 021101s2002||||xxu|||||s|||||000 | eng d
040 _aPGUSA
_beng
042 _adc
050 4 _aDU
100 1 _aCarboni, Raffaello,
_d1817-1875
245 1 4 _aThe Eureka Stockade
_h[electronic resource] /
_cRaffaello Carboni
260 _bProject Gutenberg,
_c2002
506 _aPublic domain in the USA.
516 _aElectronic text
653 _aBallarat (Vic.) -- Biography
653 _aGold mines and mining -- Australia -- Ballarat (Vic.) -- History -- 19th century
653 _aRevolutions -- Australia -- Ballarat (Vic.) -- History -- 19th century
653 _aItalians -- Australia -- Ballarat (Vic.) -- Biography
653 _aVictoria -- Gold discoveries
653 _aBallarat (Vic.) -- History -- 19th century
653 _aCarboni, Raffaello, 1817-1875
653 _aBallarat (Vic.) -- Social conditions -- 19th century
653 _aGold miners -- Australia -- Ballarat (Vic.) -- Social conditions -- 19th century
653 _aEureka Stockade (Ballarat, Vic.) -- History
830 0 _aProject Gutenberg
_v3546
856 4 0 _uhttp://www.gutenberg.org/ebooks/3546
942 _cEB
999 _c232875
_d232875